00683cam a2200181 a 4500008004100000020002100041111007900062245015500141260003700296300002900333500002000362504004100382650003300423700001800456003000100474005001700475040000900492  a0727720481(hbk.)2 aInternational Conference on Arch Bridgesn(1st :d1995 :cBolton, England)10aArch bridges :bproceedings of the First International Conference on Arch Bridges, held at Bolton, UK on 3-6 September 1995 /cedited by C. Melbourne. aLondon :bThomas Telford,c1995. a693 p. :bill. ;c25 cm. aIncludes index. aIncludes bibliographical references. 0aBridges, ArchedvCongresses.1 aMelbourne, C.20230123134102.0 cNUST